000
00205 a2200097 4500
001
25675
100
_a
Room, M
245
_a
Masnavi Molani Room
260
_a
_b
Sh Ghulam Ali
_c
1963
090
_c
17369
_d
17369
942
_a
NUST-CAE
_c
M
_c
8190
999
_c
260748
_d
260748